000 00270nam a2200109Ia 4500
008 220204s9999 xx 000 0 und d
082 _a005
_bSTA;1
100 _aStableford, B M
245 0 _aMysteries of modern science
260 _aLondon
_bRoutledge
_c1977
942 _cBK
999 _c27948
_d27948